000 00331nam a2200133Ia 4500
008 240624s9999 xx 000 0 und d
041 _aeng
082 _a330 BIS
100 _aBISHOP MATTHEW
245 _aESSENTIAL ECONOMICS
260 _c2006
_aNew Delhi
_bThe Economist
300 _avi, : 282 : p. : cm. ; 21
365 _cRS
_b33
999 _c10815
_d10815